书目信息 |
| 题名: |
中小学戏剧教育
|
|
| 作者: | 郝戎 主编 | |
| 分册: | ||
| 出版信息: | 北京 文化艺术出版社 2017 |
|
| 页数: | 272页 | |
| 开本: | 24cm | |
| 丛书名: | ||
| 单 册: | ||
| 中图分类: | G633.950.2 , G633.950 | |
| 科图分类: | ||
| 主题词: | 戏剧教育--教学研究--中小学 | |
| 电子资源: | ||
| ISBN: | 978-7-5039-6286-8 | |
| 000 | 00838nam0 2200253 450 | |
| 001 | 3506 | |
| 005 | 20180527162415.52 | |
| 010 | @a978-7-5039-6286-8@dCNY58.00 | |
| 100 | @a20180217d2017 em y0chiy50 ea | |
| 101 | 0 | @achi |
| 102 | @aCN@b110000 | |
| 105 | @aa z 000yy | |
| 200 | 1 | @a中小学戏剧教育@9zhong xiao xue xi ju jiao yu@e2016@f郝戎主编 |
| 210 | @a北京@c文化艺术出版社@d2017 | |
| 215 | @a272页@c照片@d24cm | |
| 330 | @a本书设有综述、致辞、论文三个板块,收录了《戏剧教育:非标准化的标准》、《中学戏剧课程设置及模式探索》、《论教育戏剧的游戏精神》等文章。 | |
| 333 | @a中小学戏剧教育研究人员及相关读者。 | |
| 517 | 1 | @a2016 |
| 606 | 0 | @a戏剧教育@x教学研究@x中小学 |
| 690 | @aG633.950.2@v5 | |
| 690 | @aG633.950@v4 | |
| 701 | 0 | @a郝戎@9hao rong@4主编 |
| 801 | 0 | @aCN@b91MARC@c20180217 |
| 905 | @aMuseLib@dG633.950@e132 | |
| 中小学戏剧教育:2016/郝戎主编.-北京:文化艺术出版社,2017 |
| 272页:照片;24cm |
| 使用对象:中小学戏剧教育研究人员及相关读者。 |
| ISBN 978-7-5039-6286-8:CNY58.00 |
| 本书设有综述、致辞、论文三个板块,收录了《戏剧教育:非标准化的标准》、《中学戏剧课程设置及模式探索》、《论教育戏剧的游戏精神》等文章。 |
| ● |
| 相关链接 |
|
|
|
|
正题名:中小学戏剧教育
索取号:G633.950/132
 
预约/预借
| 序号 | 登录号 | 条形码 | 馆藏地/架位号 | 状态 | 备注 |
| 1 | 1109472 | 211094723 | 第一样本阅览室/ [索取号:G633.950/132] | 在馆 | |
| 2 | 1109473 | 211094732 | 教育系资料室/ [索取号:G633.950/132] | 在馆 | |
| 3 | 1109474 | 211094741 | 教育系资料室/ [索取号:G633.950/132] | 在馆 | |
| 4 | 1109475 | 211094750 | 第四借阅区/ [索取号:G633.950/132] | 在馆 |